Commercial Property Faculty Newsletter (Record no. 118770)
[ view plain ]
| 000 -LEADER | |
|---|---|
| fixed length control field | 00644cas a22002055a 4500 |
| 001 - CONTROL NUMBER | |
| control field | L121729 |
| 008 - FIXED-LENGTH DATA ELEMENTS--GENERAL INFORMATION | |
| fixed length control field | 030325d2003 xxkfr p a eng d |
| 035 ## - SYSTEM CONTROL NUMBER | |
| System control number | (Sirsi) u121729 |
| 041 0# - LANGUAGE CODE | |
| Language code of text/sound track or separate title | eng |
| 110 2# - MAIN ENTRY--CORPORATE NAME | |
| Corporate name or jurisdiction name as entry element | Royal Institution of Chartered Surveyors |
| Subordinate unit | Commercial Property Faculty |
| 9 (RLIN) | 4355 |
| 245 00 - TITLE STATEMENT | |
| Title | Commercial Property Faculty Newsletter |
| 260 3# - PUBLICATION, DISTRIBUTION, ETC. | |
| Place of publication, distribution, etc. | London |
| Name of publisher, distributor, etc. | RICS |
| Date of publication, distribution, etc. | 2003 |
| 362 ## - DATES OF PUBLICATION AND/OR SEQUENTIAL DESIGNATION | |
| Dates of publication and/or sequential designation | (2) March 2003-(3) September 2003 |
| 554 ## - | |
| -- | Two per year |
| 651 #4 - SUBJECT ADDED ENTRY--GEOGRAPHIC NAME | |
| Geographic name | England and Wales |
| Chronological subdivision | 1543- |
| 690 ## - LOCAL SUBJECT ADDED ENTRY--TOPICAL TERM (OCLC, RLIN) | |
| Topical term or geographic name as entry element | PROPERTY-COMMERCIAL PROPERTY |
| 780 00 - PRECEDING ENTRY | |
| Title | Commercial Property Update |
| 785 00 - SUCCEEDING ENTRY | |
| Title | The Journal: RICS Commercial Property |
| 942 ## - ADDED ENTRY ELEMENTS (KOHA) | |
| Suppress in OPAC | 0 |
| Withdrawn status | Lost status | Source of classification or shelving scheme | Damaged status | Not for loan | Home library | Current library | Shelving location | Date acquired | Total Checkouts | Full call number | Barcode | Date last seen | Price effective from | Koha item type |
|---|---|---|---|---|---|---|---|---|---|---|---|---|---|---|
| Dewey Decimal Classification | London | London | Gallery | 27/10/2004 | RICS THE JOURNAL RICS COMMERCIAL PROPERT | 121729-1001 | 06/08/2019 | 06/08/2019 | Journal |